Star Wars de A à Z - Statistiques

Statistiques générales
  • Ce quiz a été pris 23 498 fois
    23 006 depuis la dernière actualisation
  • Le résultat moyen est 17 sur 26
Statistiques - réponses
Indices Réponses % Correct
F Que la _____ soit avec toi Force
97%
L Soeur jumelle de Luke Leia
90%
V Couleur du sabre laser de Mace Windu Violet
88%
B Droïde de Poe Dameron qui rencontra Rey BB-8
87%
S Principaux ennemis des Jedi Sith
87%
Y A dit “Quand 900 ans comme moi tu auras, moins en forme tu seras.” Yoda
87%
C Créés à partir de gènes modifiés de Jango Fett, une guerre porte leur nom Clones
82%
K Nom pris par Ben Solo en passant du côté obscur Kylo Ren
81%
O Owen Lars par rapport à Luke Oncle
80%
P Alter-ego de Dark Sidious Palpatine
78%
N Planète d'origine de Padmé Naboo
73%
I Thème de John Williams emblématique de la saga Marche {impériale}
71%
Q Obi-Wan Kenobi a été son Padawan Qui-Gon Jinn
71%
W Espèce à laquelle appartient Chewbacca Wookiee
70%
R Film dans lequel on retrouve Jyn Erso, Cassian Andor et K-2SO Rogue One
69%
J Gungan représentant sénatorial de Chommell pour Padmé Jar Jar Binks
67%
X Chasseur stellaire de l'Alliance rebelle X-Wing
64%
A Amiral ayant dit "C'est un piège !" Ackbar
57%
E Lune forestière des Ewoks Endor
55%
H Planète glacière sur laquelle l'Alliance rebelle établit une base Hoth
55%
D Planète sur laquelle s'est exilé Yoda après l'effondrement de l'ordre Jedi Dagobah
50%
M Organismes microscopiques qui relient les êtres vivants à la force Midi-chlorien
47%
T Autre nom pour désigner les Hommes des sables Tusken
33%
G Rodien tué d'un tir de blaster de Han Solo Greedo
32%
Z Prénom de Wessel, chasseuse de primes chargée d'assassiner Padmé Zam
15%
U Ferrailleur à qui Rey et Finn volèrent le Faucon Millénium Unkar Plutt
8%
Aucun quiz correspondant
Distribution des résultats
% des personnes avec chaque résultat
Percentile par nombre de réponses
Votre historique - résultats
Vous n’avez pas pris ce quiz depuis la dernière actualisation